Fr. Conceicao Rodrigues College of Engineering

Training instruments in HRD & OD (Record no. 18620)

MARC details
000 -LEADER
fixed length control field 00371nam a2200169Ia 4500
082 ## - DEWEY DECIMAL CLASSIFICATION NUMBER
Classification number 658.31244
Item number PAR
100 ## - MAIN ENTRY--PERSONAL NAME
Personal name Pareek Udai/ Purohit S
250 ## - EDITION STATEMENT
Edition statement 3
245 ## - TITLE STATEMENT
Title Training instruments in HRD & OD
260 ## - PUBLICATION, DISTRIBUTION, ETC.
Name of publisher, distributor, etc. Tata Mc Graw hill Ltd.
Date of publication, distribution, etc. 2010
366 ## - TRADE AVAILABILITY INFORMATION
Publishers's discount category 25
300 ## - PHYSICAL DESCRIPTION
Extent 843
546 ## - LANGUAGE NOTE
Language note ENGLISH
-- Info.Tech
650 ## - SUBJECT ADDED ENTRY--TOPICAL TERM
Topical term or geographic name entry element HRD
654 ## - SUBJECT ADDED ENTRY--FACETED TOPICAL TERMS
Focus term HRD
942 ## - ADDED ENTRY ELEMENTS (KOHA)
Koha item type BOOK
Holdings
Withdrawn status Lost status Damaged status Not for loan Collection Home library Current library Date acquired Source of acquisition Cost, normal purchase price Inventory number Total Checkouts Full call number Barcode Date last seen Cost, replacement price Price effective from Koha item type
        CRC Fr. Agnel's C.Rodrigues College of Engineering Fr. Agnel's C.Rodrigues College of Engineering 17/03/2023 Allied Publishers 900.00 3356 dt 05/03/2012   658.31244 PAR 21863 17/03/2023 1200.00   BOOK